[Event "Balatonlelle Rigo Memorial GM-A 4th"]
[Site "Balatonlelle"]
[Date "2025.06.24"]
[Round "5"]
[White "Fus, Jakub"]
[Black "Berczes, David"]
[Result "1/2-1/2"]
[WhiteElo "2438"]
[BlackElo "2397"]
[PlyCount "77"]
[EventDate "2025.06.21"]
[EventType "tourn"]
[EventRounds "9"]
[EventCountry "HUN"]
[EventCategory "6"]
[SourceTitle "CB27_2025"]
[SourceDate "2025.07.02"]
[SourceVersion "1"]
[SourceVersionDate "2025.07.02"]
[SourceQuality "1"]

1. e4 c6 2. d4 d5 3. exd5 cxd5 4. Bd3 Nc6 5. c3 e6 6. Nf3 Bd6 7. 0-0 Nge7 8. Re1 0-0 9. b3 a6 10. a4 Ng6 11. Ba3 b6 12. Bxd6 Qxd6 13. Nbd2 Bd7 14. Re3 f6 15. Qb1 Nce7 16. c4 Qb4 17. Re1 b5 18. Qc2 Rfc8 19. h4 Kh8 20. axb5 axb5 21. c5 Nc6 22. Rxa8 Rxa8 23. Bxg6 hxg6 24. Qxg6 Nxd4 25. Qf7 Be8 26. Qb7 Bc6 27. Qc7 Ra2 28. Nxd4 Qxd2 29. Rf1 Qxd4 30. Qxc6 b4 31. h5 Ra1 32. Qe8+ Kh7 33. Rxa1 Qxa1+ 34. Kh2 Qe5+ 35. g3 Qd4 36. Qg6+ Kh8 37. Qe8+ Kh7 38. Qg6+ Kh8 39. Qe8+ 1/2-1/2

[Event "Katowice rapid op"]
[Site "Katowice"]
[Date "2025.05.31"]
[Round "11"]
[White "Fus, Jakub"]
[Black "Zieba, Hubert"]
[Result "1/2-1/2"]
[WhiteElo "2414"]
[BlackElo "2116"]
[PlyCount "70"]
[EventDate "2025.05.31"]
[EventType "swiss"]
[EventRounds "11"]
[EventCountry "POL"]
[SourceTitle "CB24_2025"]
[SourceDate "2025.06.11"]
[SourceVersion "1"]
[SourceVersionDate "2025.06.11"]
[SourceQuality "1"]

1. c4 c5 2. g3 g6 3. Bg2 Bg7 4. Nc3 Nc6 5. a3 Nf6 6. Rb1 a5 7. d3 0-0 8. Bf4 d6 9. Nf3 Bd7 10. 0-0 Ne8 11. Ne1 Nc7 12. Nc2 Rb8 13. Nb5 Nxb5 14. cxb5 Nd4 15. Nxd4 Bxd4 16. a4 b6 17. Bh6 Re8 18. Qd2 Bc8 19. e3 Bf6 20. d4 Bb7 21. Bxb7 Rxb7 22. dxc5 dxc5 23. Rfd1 e6 24. Qe2 Rd7 25. Qf3 Rd5 26. b3 Bg5 27. Rxd5 exd5 28. Bxg5 Qxg5 29. Rd1 Rd8 30. Kg2 Qe5 31. h4 h5 32. Rd3 Kg7 33. Kg1 Rd6 34. Kg2 Rd8 35. Kg1 Rd6 1/2-1/2

[Event "USA-chT College final"]
[Site "Richardson"]
[Date "2025.04.06"]
[Round "3"]
[White "Samant, Aditya S"]
[Black "Fus, Jakub"]
[Result "1/2-1/2"]
[WhiteElo "2495"]
[BlackElo "2441"]
[PlyCount "60"]
[EventDate "2025.04.05"]
[EventType "team-tourn"]
[EventRounds "3"]
[EventCountry "USA"]
[SourceTitle "CB15_2025"]
[SourceDate "2025.04.09"]
[SourceVersion "1"]
[SourceVersionDate "2025.04.09"]
[SourceQuality "1"]
[WhiteTeam "Texas Dallas Univ"]
[BlackTeam "Texas Rio Grande Valley Univ"]
[WhiteTeamCountry "USA"]
[BlackTeamCountry "USA"]

1. e4 c6 2. d4 d5 3. e5 Bf5 4. Nf3 e6 5. Be2 c5 6. 0-0 Nc6 7. c3 Bg6 8. Be3 cxd4 9. cxd4 Nge7 10. Nh4 Nf5 11. Nxf5 Bxf5 12. Nc3 Be7 13. g4 Bg6 14. f4 f6 15. exf6 Bxf6 16. Na4 0-0 17. Nc5 Qd6 18. Rc1 b6 19. Na6 Rac8 20. Qd2 Be4 21. Rc3 g5 22. fxg5 Bg7 23. Rxf8+ Rxf8 24. Bb5 Ne7 25. Rc7 Ng6 26. Rd7 Nf4 27. Kf2 Nd3+ 28. Kg1 Nf4 29. Kf2 Ng2+ 30. Kg1 Nf4 1/2-1/2

[Event "USA-chT College final"]
[Site "Richardson"]
[Date "2025.04.05"]
[Round "1"]
[White "Fus, Jakub"]
[Black "Cordova, Emilio"]
[Result "0-1"]
[WhiteElo "2441"]
[BlackElo "2514"]
[PlyCount "86"]
[EventDate "2025.04.05"]
[EventType "team-tourn"]
[EventRounds "3"]
[EventCountry "USA"]
[SourceTitle "CB15_2025"]
[SourceDate "2025.04.09"]
[SourceVersion "1"]
[SourceVersionDate "2025.04.09"]
[SourceQuality "1"]
[WhiteTeam "Texas Rio Grande Valley Univ"]
[BlackTeam "Webster Univ"]
[WhiteTeamCountry "USA"]
[BlackTeamCountry "USA"]

1. c4 e6 2. Nc3 b6 3. d4 Bb4 4. e3 Bb7 5. Nge2 f5 6. a3 Bd6 7. d5 Nf6 8. g3 Na6 9. Bg2 Nc5 10. 0-0 a5 11. b3 0-0 12. Bb2 Qe7 13. Nb5 exd5 14. cxd5 Rae8 15. Nec3 Ba6 16. Qc2 Nce4 17. Nxd6 cxd6 18. Nxe4 fxe4 19. Bxf6 Qxf6 20. Rfd1 Bd3 21. Qd2 Re5 22. Qb2 Qf7 23. Rd2 Rxd5 24. b4 Rf5 25. Bf1 Bxf1 26. Rxf1 d5 27. bxa5 bxa5 28. Qb6 h5 29. Qd6 Kh7 30. a4 Rc8 31. Rfd1 Rc6 32. Qb8 Rcf6 33. Rf1 Rf3 34. Qb3 R6f5 35. Qd1 h4 36. Kg2 Qe6 37. Qe2 Rh5 38. Rh1 h3+ 39. Kf1 Rhf5 40. Rg1 Qc6 41. Qd1 d4 42. g4 Rc5 43. Qb3 dxe3 0-1

[Event "EU-ch 25th"]
[Site "Eforie Nord"]
[Date "2025.03.25"]
[Round "10"]
[White "Fus, Jakub"]
[Black "Vocaturo, Daniele"]
[Result "1-0"]
[WhiteElo "2425"]
[BlackElo "2600"]
[PlyCount "95"]
[EventDate "2025.03.15"]
[EventType "swiss"]
[EventRounds "11"]
[EventCountry "ROU"]
[SourceTitle "CB13_2025"]
[SourceDate "2025.03.26"]
[SourceVersion "1"]
[SourceVersionDate "2025.03.26"]
[SourceQuality "1"]

1. Nf3 d5 2. g3 Nf6 3. Bg2 c5 4. 0-0 e6 5. c4 d4 6. e3 Nc6 7. exd4 cxd4 8. d3 Bd6 9. Bg5 h6 10. Bxf6 gxf6 11. Nbd2 Kf8 12. a3 a5 13. Rc1 Be7 14. c5 a4 15. Rc4 Bd7 16. Ne4 Na5 17. Rxd4 Nb3 18. Rb4 Bc6 19. Nfd2 Nxc5 20. Nxc5 Bxc5 21. Rc4 Bxg2 22. Kxg2 Bd4 23. Rb4 Bc5 24. Rxb7 Qxd3 25. Qh5 Be7 26. Nf3 Qe4 27. Qb5 Rd8 28. Re1 Qc2 29. Re2 Qd1 30. Re1 Qc2 31. Re2 Qd1 32. Ra7 Rh7 33. Qb7 Bc5 34. Ra8 Qxe2 35. Rxd8+ Kg7 36. Rd2 Qc4 37. Rd7 Qe2 38. Rd2 Qc4 39. Rd7 e5 40. Qc6 Qc2 41. Rd2 Qc1 42. Qxa4 Bb6 43. Rc2 Qd1 44. Qg4+ Kf8 45. Rc8+ Ke7 46. Qg8 Qd7 47. Rb8 Ba7 48. Rb4 1-0

[Event "EU-ch 25th"]
[Site "Eforie Nord"]
[Date "2025.03.18"]
[Round "4"]
[White "Maurizzi, Marc Andria"]
[Black "Fus, Jakub"]
[Result "1/2-1/2"]
[WhiteElo "2622"]
[BlackElo "2425"]
[PlyCount "70"]
[EventDate "2025.03.15"]
[EventType "swiss"]
[EventRounds "11"]
[EventCountry "ROU"]
[SourceTitle "CB13_2025"]
[SourceDate "2025.03.26"]
[SourceVersion "1"]
[SourceVersionDate "2025.03.26"]
[SourceQuality "1"]

1. Nf3 d5 2. g3 Nf6 3. Bg2 g6 4. c4 c6 5. 0-0 Bg7 6. d4 0-0 7. Nc3 dxc4 8. e4 b5 9. Qe2 b4 10. Nd1 Ba6 11. Re1 e5 12. dxe5 Nfd7 13. Bf4 Nc5 14. Qc2 Nd3 15. Ne3 Nxe1 16. Rxe1 Nd7 17. e6 fxe6 18. Bd6 Qa5 19. Rd1 Rfe8 20. Bf1 Nb6 21. e5 Qxa2 22. h4 Qa4 23. Qb1 c3 24. b3 Qa5 25. Ng5 Bxf1 26. Nxh7 Kxh7 27. h5 Bh3 28. hxg6+ Kh6 29. Rd4 c2 30. Rh4+ Kxg6 31. Qxc2+ Kf7 32. Rf4+ Kg8 33. Rh4 Kf7 34. Rf4+ Kg8 35. Rh4 Kf7 1/2-1/2

[Event "EU-ch 25th"]
[Site "Eforie Nord"]
[Date "2025.03.17"]
[Round "3"]
[White "Fus, Jakub"]
[Black "Moroni, Luca Jr"]
[Result "1/2-1/2"]
[WhiteElo "2425"]
[BlackElo "2555"]
[PlyCount "104"]
[EventDate "2025.03.15"]
[EventType "swiss"]
[EventRounds "11"]
[EventCountry "ROU"]
[SourceTitle "CB13_2025"]
[SourceDate "2025.03.26"]
[SourceVersion "1"]
[SourceVersionDate "2025.03.26"]
[SourceQuality "1"]

1. d4 Nf6 2. c4 e6 3. Nc3 Bb4 4. e3 0-0 5. Bd3 d5 6. a3 Be7 7. Nf3 b6 8. 0-0 Bb7 9. cxd5 exd5 10. b4 Nbd7 11. Bb2 a6 12. Qc2 Bd6 13. b5 Qe7 14. a4 axb5 15. axb5 Ne4 16. Qb3 Ndf6 17. Rad1 Ra5 18. Ne5 Rfa8 19. Nxe4 Nxe4 20. Qc2 Ra2 21. f3 Nf6 22. Ra1 Rxa1 23. Rxa1 Rxa1+ 24. Bxa1 h6 25. Kf2 Qe8 26. Qa4 g6 27. Qa7 Qa8 28. Qxa8+ Bxa8 29. g4 Kf8 30. Ke2 Ke7 31. h3 h5 32. Bc2 Bb7 33. Bb3 hxg4 34. hxg4 Bxe5 35. dxe5 Nd7 36. Bd4 Nc5 37. Ba2 Ne6 38. Kd2 Nxd4 39. exd4 g5 40. Ke3 f6 41. f4 Kf7 42. Bb1 Ke7 43. Bf5 Kf7 44. Bd7 Ke7 45. e6 Kd6 46. f5 Ba8 47. Kd3 Bb7 48. Kc3 Ba8 49. Kb3 Bb7 50. Kb4 Ba8 51. Bc8 Ke7 52. Ka4 Kd6 1/2-1/2

[Event "EU-ch 24th"]
[Site "Petrovac"]
[Date "2024.11.19"]
[Round "11"]
[White "Fus, Jakub"]
[Black "Paichadze, Luka"]
[Result "1/2-1/2"]
[WhiteElo "2417"]
[BlackElo "2546"]
[PlyCount "100"]
[EventDate "2024.11.08"]
[EventType "swiss"]
[EventRounds "11"]
[EventCountry "MNE"]
[SourceTitle "CB47_2024"]
[SourceDate "2024.11.20"]
[SourceVersion "1"]
[SourceVersionDate "2024.11.20"]
[SourceQuality "1"]

1. e4 c6 2. d4 d5 3. Nd2 dxe4 4. Nxe4 Bf5 5. Ng3 Bg6 6. h4 h6 7. Nf3 Nd7 8. h5 Bh7 9. Bd3 Bxd3 10. Qxd3 e6 11. Bd2 Ngf6 12. 0-0-0 Be7 13. Kb1 c5 14. d5 Nxd5 15. Nf5 Bf6 16. Nd6+ Kf8 17. Ne4 Qb6 18. Bc1 Rd8 19. c4 Nb4 20. Qe2 Nc6 21. g4 Nd4 22. Nxd4 Bxd4 23. f4 e5 24. Rhf1 Re8 25. Qc2 Nf6 26. fxe5 Nxe4 27. Qxe4 Rxe5 28. Qf3 f6 29. Rfe1 Ke7 30. Rxe5+ Bxe5 31. Qe4 Rd8 32. Rxd8 Kxd8 33. Qh7 f5 34. Qxf5 Qd6 35. Kc2 Kc7 36. Be3 b6 37. b3 Qe7 38. Kd3 a5 39. a4 Kb8 40. Qe4 Qd6+ 41. Kc2 Kc7 42. Qf5 Qe7 43. Kd3 Kb8 44. Qe4 Qd6+ 45. Qd5 Qf6 46. Bd2 Kc7 47. Qa8 Qf1+ 48. Kc2 Qa1 49. Qa7+ Kc6 50. Qa8+ Kc7 1/2-1/2

[Event "EU-ch 24th"]
[Site "Petrovac"]
[Date "2024.11.12"]
[Round "5"]
[White "Jobava, Baadur"]
[Black "Fus, Jakub"]
[Result "1/2-1/2"]
[WhiteElo "2587"]
[BlackElo "2417"]
[PlyCount "197"]
[EventDate "2024.11.08"]
[EventType "swiss"]
[EventRounds "11"]
[EventCountry "MNE"]
[SourceTitle "CB47_2024"]
[SourceDate "2024.11.20"]
[SourceVersion "1"]
[SourceVersionDate "2024.11.20"]
[SourceQuality "1"]

1. d4 d5 2. Bg5 Nf6 3. e3 c5 4. Bxf6 gxf6 5. dxc5 e6 6. Nd2 Bxc5 7. Ne2 Nc6 8. g3 e5 9. Bg2 Be6 10. 0-0 Qd7 11. c3 h5 12. h4 Rd8 13. a4 a6 14. a5 Kf8 15. Qa4 Kg7 16. Rfd1 Ne7 17. Qxd7 Rxd7 18. Nc1 Rc8 19. Bf3 Kh6 20. Nd3 Ba7 21. Be2 Nf5 22. Kh2 Kg6 23. Nb4 Bc5 24. Ra4 Rcd8 25. Nd3 Bd6 26. Kg1 Ne7 27. Kf1 Nc6 28. Ke1 Ne7 29. Raa1 Rc7 30. Bf1 Bg4 31. Rdc1 Rdc8 32. Bg2 Be6 33. Bf1 Bg4 34. Be2 Be6 35. Rd1 Rd8 36. Kf1 Bf5 37. Ne1 Be6 38. Nd3 Bf5 39. Re1 Be6 40. Kg1 Kh6 41. Bf1 Nc6 42. Ra4 Be7 43. Rc1 Rdc8 44. Rd1 Rd8 45. Rc1 Rdc8 46. Kh2 Na7 47. Bh3 Nb5 48. Rd1 Rd7 49. Raa1 Nd6 50. f4 e4 51. Nb4 f5 52. Nc2 Kg6 53. Nb3 Nc4 54. Ra2 Bd8 55. Rda1 Bf6 56. Nbd4 Be7 57. Kg1 Rdc7 58. Kf2 Rd8 59. Bf1 Bf8 60. Be2 Be7 61. Rd1 Bf8 62. Nb4 Rcc8 63. Nbc2 Bg7 64. Na1 Bf8 65. Nab3 Be7 66. Nd2 Nd6 67. Rda1 Rc7 68. Bd1 Ne8 69. Bb3 Bc5 70. Rd1 Nf6 71. Nb1 Ba7 72. Na3 Ne8 73. Nac2 Nd6 74. Nb4 Nc4 75. Ke2 Rc5 76. Rda1 Kf6 77. Kf2 Kg6 78. Bd1 Rcc8 79. Be2 Rc7 80. Nbc2 Rdc8 81. Rd1 Rd8 82. Na3 Nd6 83. Raa1 Bc5 84. Rd2 Rcc8 85. Ndc2 Ne8 86. Rad1 Nf6 87. Bc4 Be7 88. Be2 Kh6 89. Ra1 Rc5 90. Nb1 Rdc8 91. b4 R5c7 92. Nd4 Ne8 93. b5 axb5 94. Nxb5 Rc5 95. Rb2 Ra8 96. Nd4 Nd6 97. Nb3 Rc7 98. Nd4 Rc5 99. Nb3 1/2-1/2

[Event "EU-ch 24th"]
[Site "Petrovac"]
[Date "2024.11.10"]
[Round "3"]
[White "Caruso, Augusto"]
[Black "Fus, Jakub"]
[Result "0-1"]
[WhiteElo "2193"]
[BlackElo "2417"]
[PlyCount "140"]
[EventDate "2024.11.08"]
[EventType "swiss"]
[EventRounds "11"]
[EventCountry "MNE"]
[SourceTitle "CB47_2024"]
[SourceDate "2024.11.20"]
[SourceVersion "1"]
[SourceVersionDate "2024.11.20"]
[SourceQuality "1"]

1. e4 c5 2. Nf3 e6 3. d4 cxd4 4. Nxd4 a6 5. Nc3 Qc7 6. g3 Bb4 7. Bd2 Nf6 8. Bg2 Nc6 9. Nxc6 dxc6 10. 0-0 Be7 11. a4 a5 12. Qe2 e5 13. Nd1 b6 14. Ne3 Ba6 15. c4 g6 16. b3 Rd8 17. Bc3 Bc5 18. Nc2 Bc8 19. Kh1 h5 20. h3 Qe7 21. Bd2 h4 22. g4 Nd7 23. Bc3 0-0 24. f4 exf4 25. e5 Rde8 26. Rae1 Qg5 27. Bxc6 Re6 28. Bd5 Rfe8 29. Qe4 Nf6 30. Qxf4 Qxf4 31. Rxf4 Nxd5 32. cxd5 Bb7 33. Rd1 Rd8 34. b4 Rxd5 35. Rxd5 Bxd5+ 36. Kh2 axb4 37. Nxb4 Bb7 38. g5 Be3 39. Rxh4 Bxg5 40. Rc4 Re7 41. Kg3 Be3 42. Nc2 Bc5 43. Ne1 Rc7 44. Bd4 Bd5 45. Bxc5 Bxc4 46. Bxb6 Rd7 47. a5 Rd1 48. Nc2 Rd3+ 49. Ne3 Ra3 50. Kf4 Be6 51. h4 Ra4+ 52. Kg5 Kg7 53. h5 gxh5 54. Kxh5 Re4 55. a6 Rxe5+ 56. Kh4 Re4+ 57. Kg3 Ra4 58. a7 f5 59. Nc2 f4+ 60. Kf2 Bd5 61. Ke1 Kg6 62. Kd2 Be4 63. Nd4 Ra2+ 64. Ke1 Kg5 65. Ne6+ Kg4 66. Nc7 Kg3 67. a8Q Bxa8 68. Nxa8 Ra1+ 69. Kd2 Rxa8 70. Bc7 Ra4 0-1

[Event "Warsaw Najdorf Memorial op-A"]
[Site "Warsaw"]
[Date "2024.07.15"]
[Round "7"]
[White "Zysko, Jan"]
[Black "Fus, Jakub"]
[Result "1/2-1/2"]
[WhiteElo "2089"]
[BlackElo "2444"]
[PlyCount "38"]
[EventDate "2024.07.09"]
[EventType "swiss"]
[EventRounds "9"]
[EventCountry "POL"]
[SourceTitle "EXT 2025"]
[Source "ChessBase"]
[SourceDate "2024.10.14"]
[SourceVersion "1"]
[SourceVersionDate "2024.10.14"]
[SourceQuality "1"]

1. e4 e6 2. d4 d5 3. exd5 exd5 4. h3 Nf6 5. Nf3 Be7 6. Bd3 0-0 7. 0-0 Nbd7 8. Bf4 Re8 9. Nbd2 Nf8 10. Re1 Ne6 11. Bh2 g6 12. c3 c6 13. Ne5 Ng7 14. Ndf3 Nf5 15. Ng5 Nd6 16. Qf3 Rf8 17. Qe2 Re8 18. Qf3 Rf8 19. Qe2 Re8 1/2-1/2

[Event "Warsaw Najdorf Memorial op-A"]
[Site "Warsaw"]
[Date "2024.07.14"]
[Round "6"]
[White "Fus, Jakub"]
[Black "Sujkowski, Pawel"]
[Result "1-0"]
[WhiteElo "2444"]
[BlackElo "1985"]
[PlyCount "63"]
[EventDate "2024.07.09"]
[EventType "swiss"]
[EventRounds "9"]
[EventCountry "POL"]
[SourceTitle "EXT 2025"]
[Source "ChessBase"]
[SourceDate "2024.10.14"]
[SourceVersion "1"]
[SourceVersionDate "2024.10.14"]
[SourceQuality "1"]

1. e4 c5 2. Nf3 Nc6 3. Bb5 Nf6 4. Bxc6 dxc6 5. d3 Bg4 6. h3 Bh5 7. g4 Bg6 8. b3 Nd7 9. Bb2 Qc7 10. e5 e6 11. Nbd2 Be7 12. Qe2 h5 13. Rg1 hxg4 14. hxg4 0-0-0 15. Ne4 Rh3 16. 0-0-0 Rdh8 17. Kb1 Kb8 18. Neg5 R3h6 19. Rge1 Nb6 20. Ne4 Rh3 21. Nfd2 Rh2 22. Qf1 Nd5 23. Nc4 R8h7 24. Ncd6 Bxe4 25. dxe4 Nf4 26. Bc1 Bh4 27. Bxf4 Rxf2 28. Qd3 Rxf4 29. Rh1 Rxg4 30. Ne8 Qc8 31. Qf3 f5 32. exf6 1-0

[Event "Warsaw Najdorf Memorial op-A"]
[Site "Warsaw"]
[Date "2024.07.11"]
[Round "3"]
[White "Fus, Jakub"]
[Black "Zalega, Maciej"]
[Result "1/2-1/2"]
[WhiteElo "2444"]
[BlackElo "2093"]
[PlyCount "113"]
[EventDate "2024.07.09"]
[EventType "swiss"]
[EventRounds "9"]
[EventCountry "POL"]
[SourceTitle "EXT 2025"]
[Source "ChessBase"]
[SourceDate "2024.10.14"]
[SourceVersion "1"]
[SourceVersionDate "2024.10.14"]
[SourceQuality "1"]

1. d4 Nf6 2. c4 g6 3. Nc3 Bg7 4. e4 d6 5. Nf3 0-0 6. Be2 e5 7. 0-0 Na6 8. Re1 exd4 9. Nxd4 c6 10. Bf1 Nc5 11. f3 a5 12. Be3 Qc7 13. Qd2 Rd8 14. Red1 Bd7 15. b3 Be8 16. Rac1 Rac8 17. Qf2 Qe7 18. Re1 Nfd7 19. Rcd1 Ne6 20. Nde2 Ndc5 21. g3 f5 22. exf5 gxf5 23. Nd4 Bg6 24. Nce2 Nxd4 25. Bxd4 Bxd4 26. Qxd4 Qe5 27. Qd2 Qf6 28. Qxa5 Ra8 29. Qd2 Ne6 30. Nc3 f4 31. Bg2 Rd7 32. Ne4 Bxe4 33. Rxe4 d5 34. Ree1 Rdd8 35. Qe2 Nd4 36. Qf2 dxc4 37. bxc4 c5 38. Re4 Qa6 39. Rde1 Qxa2 40. Rxf4 Qxf2+ 41. Kxf2 Ra2+ 42. Kf1 Rc2 43. Rg4+ Kf8 44. Rh4 Ra8 45. Rf4+ Kg8 46. Rg4+ Kf8 47. f4 Raa2 48. Bd5 Rf2+ 49. Kg1 Nf3+ 50. Bxf3 Rxf3 51. Rh4 Kg7 52. Re7+ Kf6 53. Rxb7 Rc3 54. Rb1 Rxc4 55. Rf1 Rcc2 56. f5 c4 57. Rh6+ 1/2-1/2

[Event "Krakow op"]
[Site "Krakow"]
[Date "2024.06.29"]
[Round "9"]
[White "Fus, Jakub"]
[Black "Gierulski, Kamil"]
[Result "1/2-1/2"]
[WhiteElo "2455"]
[BlackElo "2242"]
[PlyCount "87"]
[EventDate "2024.06.22"]
[EventType "swiss"]
[EventRounds "9"]
[EventCountry "POL"]
[SourceTitle "CBM 220 Extra"]
[Source "ChessBase"]
[SourceDate "2024.07.31"]
[SourceVersion "1"]
[SourceVersionDate "2024.07.31"]
[SourceQuality "1"]

1. c4 c5 2. Nc3 Nf6 3. Nf3 Nc6 4. e3 e5 5. Be2 d5 6. d4 cxd4 7. exd4 exd4 8. Nxd4 dxc4 9. Nxc6 Qxd1+ 10. Nxd1 bxc6 11. Bxc4 Nd5 12. Ne3 Bb4+ 13. Ke2 Nf4+ 14. Kf3 Ng6 15. Rd1 Ne5+ 16. Ke2 Bc5 17. b3 Bxe3 18. Bxe3 Nxc4 19. bxc4 Be6 20. Kd3 0-0-0+ 21. Kc3 Rxd1 22. Rxd1 Rd8 23. Rxd8+ Kxd8 24. Bxa7 Kc7 25. Bd4 g6 26. Kb4 Kb7 27. Kc5 h5 28. Bf6 Kc7 29. a3 Kb7 30. f3 Bf5 31. Kd4 Bc2 32. Be7 Bd1 33. Ke5 Be2 34. c5 Bf1 35. g3 Be2 36. Kf4 Ka6 37. g4 Kb5 38. gxh5 gxh5 39. Ke3 Bd1 40. f4 Ka4 41. Ke4 Kxa3 42. Ke5 Kb4 43. Kf6 Bb3 44. Kg5 1/2-1/2

[Event "Krakow op"]
[Site "Krakow"]
[Date "2024.06.25"]
[Round "5"]
[White "Fus, Jakub"]
[Black "Rudolf, Michal"]
[Result "1/2-1/2"]
[WhiteElo "2455"]
[BlackElo "2287"]
[PlyCount "55"]
[EventDate "2024.06.22"]
[EventType "swiss"]
[EventRounds "9"]
[EventCountry "POL"]
[SourceTitle "CBM 220 Extra"]
[Source "ChessBase"]
[SourceDate "2024.07.31"]
[SourceVersion "1"]
[SourceVersionDate "2024.07.31"]
[SourceQuality "1"]

1. e4 c6 2. d4 d5 3. e5 Bf5 4. Nf3 e6 5. Be2 Ne7 6. 0-0 c5 7. Be3 Nec6 8. c3 Nd7 9. a3 a5 10. a4 Be7 11. Na3 0-0 12. Ne1 cxd4 13. cxd4 f6 14. exf6 Bxf6 15. Nb5 e5 16. dxe5 Ndxe5 17. Bc5 Be7 18. Bxe7 Nxe7 19. Nf3 N5c6 20. Ra3 Qb6 21. Re3 Rad8 22. Nfd4 Nxd4 23. Qxd4 Qxd4 24. Nxd4 Nc6 25. Rd1 Nb4 26. Re7 Bd7 27. b3 Rfe8 28. Rxd7 1/2-1/2

[Event "Krakow op"]
[Site "Krakow"]
[Date "2024.06.23"]
[Round "3"]
[White "Fus, Jakub"]
[Black "Lohia, Sohum"]
[Result "1/2-1/2"]
[WhiteElo "2455"]
[BlackElo "2270"]
[PlyCount "89"]
[EventDate "2024.06.22"]
[EventType "swiss"]
[EventRounds "9"]
[EventCountry "POL"]
[SourceTitle "CBM 220 Extra"]
[Source "ChessBase"]
[SourceDate "2024.07.31"]
[SourceVersion "1"]
[SourceVersionDate "2024.07.31"]
[SourceQuality "1"]

1. c4 Nf6 2. Nf3 e6 3. Nc3 d5 4. e3 b6 5. b3 Bb7 6. Bb2 Nbd7 7. Rc1 a6 8. cxd5 exd5 9. Be2 Bd6 10. 0-0 0-0 11. Re1 Re8 12. Bf1 Ne5 13. Nxe5 Bxe5 14. d4 Bd6 15. Rc2 Qd7 16. Bd3 Ne4 17. Qc1 Nxc3 18. Rxc3 Qe7 19. Rc2 g6 20. Qd2 Qd7 21. Rec1 Rec8 22. a4 a5 23. Bb5 c6 24. Be2 Bb4 25. Qd1 Bf8 26. Bg4 f5 27. Bf3 Re8 28. Ra1 Re6 29. g3 Bb4 30. Ba3 Bxa3 31. Rxa3 Qd6 32. Ra1 Bc8 33. Qd2 Bd7 34. Rb1 Qb4 35. Rc3 Kg7 36. Qd3 Qe7 37. Rbc1 Rf6 38. Bg2 h6 39. Re1 Re6 40. Rec1 Rf6 41. Qd2 Qb4 42. Qc2 Re8 43. Qd2 Ra8 44. Ra1 Re8 45. Rac1 1/2-1/2

[Event "Krakow op"]
[Site "Krakow"]
[Date "2024.06.23"]
[Round "2"]
[White "Oksendal, Martin"]
[Black "Fus, Jakub"]
[Result "0-1"]
[WhiteElo "2264"]
[BlackElo "2455"]
[PlyCount "117"]
[EventDate "2024.06.22"]
[EventType "swiss"]
[EventRounds "9"]
[EventCountry "POL"]
[SourceTitle "CBM 220 Extra"]
[Source "ChessBase"]
[SourceDate "2024.07.31"]
[SourceVersion "1"]
[SourceVersionDate "2024.07.31"]
[SourceQuality "1"]

1. e4 e5 2. Nf3 Nc6 3. Bb5 a6 4. Ba4 Nf6 5. 0-0 Be7 6. Re1 b5 7. Bb3 d6 8. c3 0-0 9. h3 Nb8 10. d4 Nbd7 11. Nbd2 Bb7 12. Bc2 Re8 13. Nf1 Bf8 14. Ng3 g6 15. a4 c5 16. d5 c4 17. Bg5 h6 18. Be3 Nc5 19. Qd2 h5 20. Bh6 Nh7 21. Bxf8 Rxf8 22. Qh6 Qf6 23. h4 Rfb8 24. Rf1 Bc8 25. Ng5 Qg7 26. Qxg7+ Kxg7 27. Nxh7 Kxh7 28. f4 Kg7 29. Rf2 b4 30. Raf1 Ra7 31. f5 b3 32. Bd1 Nd3 33. Rd2 Rc7 34. Rf3 Bd7 35. Be2 Nf4 36. Bf1 Bxa4 37. Ne2 Nd3 38. Ng3 Ne1 39. Rff2 Be8 40. Be2 a5 41. Rf1 Nc2 42. f6+ Kh6 43. Bxh5 Ne3 44. Re1 gxh5 45. Rxe3 Bd7 46. Rd1 a4 47. Ra1 Ra7 48. Nf1 Bg4 49. Rg3 a3 50. Nd2 Be2 51. Rg7 Rba8 52. Rxa3 Rxa3 53. bxa3 Ra7 54. Rg8 Rb7 55. Rd8 Rb6 56. Kf2 Bd3 57. Nf3 b2 58. Nxe5 dxe5 59. Ke3 0-1

[Event "Przeworsk"]
[Site "Przeworsk"]
[Date "2024.06.01"]
[Round "5"]
[White "Fus, Jakub"]
[Black "Kozak, Antoni"]
[Result "1/2-1/2"]
[WhiteElo "2455"]
[BlackElo "2434"]
[PlyCount "73"]
[EventDate "2024.05.29"]
[EventType "tourn"]
[EventRounds "9"]
[EventCountry "POL"]
[EventCategory "9"]
[SourceTitle "CBM 220 Extra"]
[Source "ChessBase"]
[SourceDate "2024.07.31"]
[SourceVersion "1"]
[SourceVersionDate "2024.07.31"]
[SourceQuality "1"]

1. d4 e6 2. e4 d5 3. Nc3 Nf6 4. Bg5 Bb4 5. e5 h6 6. Bd2 Bxc3 7. bxc3 Ne4 8. Qg4 Kf8 9. Qf4 c5 10. Bd3 Nc6 11. Bxe4 dxe4 12. Qxe4 cxd4 13. Ne2 dxc3 14. Nxc3 Qa5 15. f4 Bd7 16. Qd3 Rd8 17. Ne4 Qb6 18. Be3 Nb4 19. Bxb6 Nxd3+ 20. cxd3 axb6 21. Nd6 Bc6 22. 0-0 Ke7 23. Rfb1 b5 24. Rb3 Rhg8 25. g3 Ra8 26. a3 Ra5 27. Rc1 Rga8 28. Nxb7 Bxb7 29. Rc7+ Ke8 30. Rxb7 Rxa3 31. R7xb5 Rxb3 32. Rxb3 Ra2 33. Rb6 h5 34. d4 Ke7 35. h3 Rd2 36. Rb7+ Ke8 37. Rb8+ 1/2-1/2

[Event "Przeworsk"]
[Site "Przeworsk"]
[Date "2024.05.31"]
[Round "4"]
[White "Galperin, Platon"]
[Black "Fus, Jakub"]
[Result "1/2-1/2"]
[WhiteElo "2547"]
[BlackElo "2455"]
[PlyCount "63"]
[EventDate "2024.05.29"]
[EventType "tourn"]
[EventRounds "9"]
[EventCountry "POL"]
[EventCategory "9"]
[SourceTitle "CBM 220 Extra"]
[Source "ChessBase"]
[SourceDate "2024.07.31"]
[SourceVersion "1"]
[SourceVersionDate "2024.07.31"]
[SourceQuality "1"]

1. Nf3 d5 2. d4 e6 3. c4 Nf6 4. Nc3 c5 5. cxd5 cxd4 6. Qxd4 exd5 7. e4 dxe4 8. Qxd8+ Kxd8 9. Ng5 Be6 10. a3 Nbd7 11. Ncxe4 Nxe4 12. Nxe4 Bd5 13. Nc3 Bc6 14. Bf4 Bc5 15. 0-0-0 Bxf2 16. Bb5 Re8 17. Rd3 Re7 18. Rhd1 Ke8 19. Bd6 Re3 20. Rxe3+ Bxe3+ 21. Kb1 Bc5 22. Bxc6 bxc6 23. Re1+ Kd8 24. Ne4 Bxd6 25. Nxd6 Nf6 26. Nxf7+ Kd7 27. Ne5+ Kd6 28. Nc4+ Kd7 29. Kc2 Rf8 30. Rf1 Re8 31. Kd3 Kc7 32. b4 1/2-1/2

[Event "Fort Lauderdale 1000 GM GM 11"]
[Site "Fort Lauderdale"]
[Date "2023.11.05"]
[Round "7"]
[White "Stearman, Josiah P"]
[Black "Fus, Jakub"]
[Result "1/2-1/2"]
[WhiteElo "2451"]
[BlackElo "2462"]
[PlyCount "44"]
[EventDate "2023.11.02"]
[EventType "tourn"]
[EventRounds "9"]
[EventCountry "USA"]
[EventCategory "8"]
[SourceTitle "CBM 217 Extra"]
[Source "ChessBase"]
[SourceDate "2024.01.31"]
[SourceVersion "1"]
[SourceVersionDate "2024.01.31"]
[SourceQuality "1"]

1. d4 Nf6 2. c4 e6 3. Nc3 d5 4. cxd5 exd5 5. Bg5 c6 6. e3 h6 7. Bh4 Be7 8. Bd3 0-0 9. Qc2 Re8 10. Nf3 Ne4 11. Bxe7 Qxe7 12. 0-0 Bf5 13. Ne5 Nd7 14. Nxd7 Bxd7 15. Rab1 Nd6 16. b4 a6 17. Na4 g6 18. Bxg6 fxg6 19. Qxg6+ Kf8 20. Qxh6+ Kf7 21. Qh7+ Kf6 22. Qh6+ Kf7 1/2-1/2